| 000 | 00730nam a2200193 a 4500 | ||
|---|---|---|---|
| 001 | 000026552 | ||
| 005 | 20200930030301.0 | ||
| 008 | 110323s2007 dr c 000 0 eng d | ||
| 020 | _a9789945858624 | ||
| 040 |
_aDO-SdBNP _bspa _cBNPHU |
||
| 082 |
_axxxx _bV434l |
||
| 100 | 1 |
_aVelazquez Santos, Rafael Antonio _953654 |
|
| 245 | 1 | 0 |
_aLetters to his excellency president George W. Bush and the Issac Newton's theory of gravity on earth : _ba real matter or a scientific myth? / _cRafael Antonio Velazquez Santos. |
| 260 |
_aSanto Domingo : _bCybercolor, _c2007. |
||
| 300 |
_a209 p. : _bretrs. ; _c22 cm. |
||
| 504 | _aBibliografía : p. 209 | ||
| 590 | _aLa biblioteca posee 1 ejemplar autografiado por el autor | ||
| 049 | _aBNPD | ||
| 999 |
_c26044 _d26044 |
||